[Event "19th Delhi GM Open 2022"]
[Site "Delhi"]
[Date "2022.03.23"]
[Round "3.13"]
[White "Delgado Ramirez, Neuris"]
[Black "Saurabh, Anand"]
[Result "1-0"]
[WhiteElo "2615"]
[BlackElo "2276"]
[Annotator "TA"]
[PlyCount "99"]
[EventDate "2022.03.22"]
[EventType "swiss"]
[EventCountry "IND"]
[SourceTitle "playchess.com"]
[Source "ChessBase"]
[SourceQuality "1"]

{[%evp 16,99,8,11,8,0,14,0,0,0,0,-22,-28,-27,-40,-41,-27,-58,-57,-54,-57,-70,-27,-89,-75,-87,0,3,25,19,62,66,75,49,65,0,0,0,54,64,90,83,162,154,183,108,133,111,150,157,150,160,193,180,180,138,297,158,166,164,144,165,151,148,286,291,287,289,456,475,1899,1661,1829,1797,1702,1609,29964,1545,29983,29984,29982,631,5385,781,652,562]} 1. e4 e5 2. Nf3 Nc6 3. Bb5 a6 4. Ba4 Nf6 5. Qe2 b5 6. Bb3 Be7 7. c3 O-O {7...0-0 scores better than 7...d6.} 8. O-O d5 9. d3 Be6 {C86: Closed Ruy Lopez: Worrall Attack.} 10. Rd1 h6 11. Nbd2 Re8 {The position is equal.} 12. Nf1 Bd6 13. Ng3 Na5 14. Bc2 c5 {[#]} 15. h3 $146 ({Predecessor:} 15. Bd2 Rc8 16. Be1 d4 17. cxd4 cxd4 18. Rdc1 Nd7 19. Qd1 b4 20. Ba4 Rxc1 21. Rxc1 {0-1 (33) Promyshlyanskiy,V (2285)-Lokander,M (2415) Germany 2019}) 15... Nc6 16. Nh4 d4 17. Nhf5 Bf8 18. Rf1 c4 (18... Kh7 $15) 19. Qf3 (19. a4 $11 {remains equal.}) 19... Kh7 $17 20. dxc4 {[%cal Of5d4]} bxc4 (20... g6 $1 $17) 21. Ba4 $11 Bd7 (21... Rc8 $5 {[%cal Rg7g6]}) 22. Rd1 d3 (22... Ra7 $11) 23. b3 $1 $14 Na5 (23... g6 $2 24. Ne3 $18) 24. Bxd7 (24. Nxh6 $5 gxh6 25. Bxd7 Nxd7 26. Qxf7+ Kh8 27. b4 $14) 24... Qxd7 {[#]} 25. b4 (25. Nxh6 $1 $14 cxb3 (25... Qe6 26. Nhf5) 26. Bg5 $1 (26. Rxd3 Qe6 $14)) 25... Nb7 $1 $11 26. Nxh6 $1 {[%cal Oa2a4]} gxh6 ({Black should try} 26... Re6 $11 27. Bg5 a5) 27. Qxf6 $14 a5 28. b5 {[%cal Bb4b5,Bb5b6,Bb6b7][%mdl 32]} a4 (28... Nd6 $16) 29. Nh5 $1 $18 {[%cal Oc1a3]} Qe6 {[#]} 30. Rb1 (30. Ba3 $1 $18 {[%cal Ra3f8][%mdl 512] Strongly threatening Bxf8.} Kg8 31. Rab1 $1 (31. Bxf8 Kxf8 32. f3 Nd6 $16)) 30... Nd6 $16 31. Qf3 {Black must now prevent Nf6+.} Reb8 32. b6 Be7 33. Ba3 Ra5 34. Bb4 (34. Qg3 Ne8 35. Bxe7 Qxe7 $16) 34... Ra6 35. Bc5 (35. Qg3 Rg8 36. Qf3 Rxb6 $11) (35. Bxd6 $18 Bxd6 36. Nf6+ (36. Qg3 Bf8 $11) 36... Kh8 37. Nd5) 35... Nc8 $2 {[#] Black cannot hold the game after this.} (35... Ne8 $16 {was necessary.} 36. Bxe7 Qxe7) 36. Qg3 $1 $40 {[%mdl 128] White has strong attack.} Bf6 {[%cal Rc8b6]} 37. b7 $1 (37. Nxf6+ Qxf6 38. Bd4 (38. b7 Nd6 $14) 38... Ra5 $16) 37... Nd6 38. Bxd6 {Really sharp! White is much more active.} ({Much worse is} 38. Nxf6+ $6 Qxf6 39. Be3 (39. Bxd6 Qxd6 40. Qg4 Qc7 $11) 39... Qe7 $11) 38... Rxd6 39. Rb4 $1 Bh8 (39... a3 $16 {was worth a try.} 40. Qe3 Bd8) 40. Qe3 $18 Qd7 41. Qa7 ({Much less strong is} 41. Rxc4 $6 d2 42. Rc8 Rxc8 43. bxc8=N Qxc8 44. Rxd2 Qe6 45. Rxd6 Qxd6) 41... Qd8 (41... Qc7 $142 42. Ng3 Rd7) 42. Rxc4 {[%cal Oc4c8] And now Rc8! would win.} Rd7 {[#]} (42... Kg8 $142 43. Rxa4 Rd7) 43. Rxd3 $3 {[%mdl 512]} Rxd3 44. Rc8 $1 Rxb7 45. Qxb7 Qd7 46. Rc7 (46. Qb8 $142 Bg7 47. Rg8 Rd1+ 48. Kh2 Rh1+ 49. Kg3 f5 50. Qf8 $3 {[%mdl 512]} Qd3+ 51. f3) 46... Qe6 47. Rxf7+ Kg6 48. Rf5 (48. Re7 $142 Rd1+ 49. Kh2 Qg8 50. Qb6+ Kxh5 51. Qe3 Qc8 52. Qf3+ Kg5 {[#]} 53. Re8 $3 {[%mdl 512]}) 48... Rxc3 49. Qa8 (49. h4 $142 Qxf5 50. exf5+ Kxf5 51. Qh7+ Ke6 52. Qxh8) 49... Rc8 50. Qxa4 {Weighted Error Value: White=0.33/Black=0.53} 1-0

[Event "19th Delhi GM Open 2022"]
[Site "Delhi"]
[Date "2022.03.23"]
[Round "3.14"]
[White "Padmini, Rout"]
[Black "Deepan Chakkravarthy J."]
[Result "1/2-1/2"]
[WhiteElo "2350"]
[BlackElo "2520"]
[Annotator "TA"]
[PlyCount "68"]
[EventDate "2022.03.22"]
[EventType "swiss"]
[EventCountry "IND"]
[SourceTitle "playchess.com"]
[Source "ChessBase"]
[SourceQuality "1"]

{[%evp 17,68,29,40,0,8,2,30,8,18,0,0,0,0,0,0,0,0,0,0,0,0,0,0,0,0,0,0,0,0,0,0,0,0,0,0,0,0,0,4,0,4,0,0,0,0,0,0,0,0,0,0,0,0]} 1. Nf3 d5 2. g3 g6 3. Bg2 Bg7 4. d4 Nf6 5. O-O O-O 6. c4 dxc4 7. Na3 Nc6 8. Nxc4 Be6 9. b3 a5 10. a4 {D77: Fianchetto Grünfeld: 6 0-0: Replies other than 6...c6.} Nb4 11. Bb2 {[#]} c6 $146 ({Predecessor:} 11... Bd5 12. e3 c6 13. Qe2 b5 14. Ncd2 bxa4 15. Rxa4 Ne4 16. Rc1 Nxd2 17. Nxd2 Bxg2 18. Kxg2 e5 19. dxe5 Nd3 20. Rb1 Bxe5 21. Bxe5 Nxe5 {½-½ (67) Stevens,C (2260)-Novik,M (2434) Chess.com INT 2020}) 12. Nfe5 {White has an edge.} (12. Ng5 {is more complex.} Bc8 13. Rc1 Na2 14. Rc2 Nb4 15. Rd2) 12... Bd5 {The position is equal.} 13. Bxd5 cxd5 14. Na3 Ne4 15. Nb5 Nd6 16. Nxd6 Qxd6 17. Nd3 Rfc8 18. Nxb4 Qxb4 19. e3 e6 20. Ba3 Qb6 21. Qd3 Rc6 22. Rfc1 Rac8 23. Rxc6 Rxc6 24. Rc1 Bf8 25. Rxc6 bxc6 26. Bb2 f6 27. Kf1 Kf7 28. Ke2 Bb4 29. h4 Ke7 30. h5 f5 31. hxg6 hxg6 32. Bc3 g5 33. Bxb4+ Qxb4 34. Qa6 Kf6 {An even fight not without its subleties.  Weighted Error Value: White=0.03 (flawless) /Black=0.02 (flawless)} 1/2-1/2

[Event "19th Delhi GM Open 2022"]
[Site "Delhi"]
[Date "2022.03.25"]
[Round "5.1"]
[White "Iniyan, P."]
[Black "Erigaisi Arjun"]
[Result "1/2-1/2"]
[WhiteElo "2516"]
[BlackElo "2633"]
[Annotator "TA"]
[PlyCount "81"]
[EventDate "2022.03.22"]
[EventType "swiss"]
[EventCountry "IND"]
[SourceTitle "playchess.com"]
[Source "ChessBase"]
[SourceQuality "1"]

{[%evp 23,81,53,41,0,0,0,0,0,0,0,0,0,0,0,0,0,0,0,0,0,0,0,0,0,-7,-94,-90,-119,-90,-76,-76,-83,-89,-88,-29,-305,-305,-305,-305,-305,-305,-305,-305,-305,-305,-305,-305,-305,-305,-408,-408,-408,-408,-408,-408,-408,-408,-408,-408,-408]} 1. e4 c5 2. Nf3 Nc6 3. d4 cxd4 4. Nxd4 Nf6 5. Nc3 e5 6. Ndb5 d6 7. Bg5 a6 8. Na3 b5 9. Bxf6 gxf6 10. Nd5 f5 11. Bd3 Be6 12. c3 Bg7 13. Nxb5 {B33: Sicilian: Pelikan and Sveshnikov Variations.} axb5 $11 14. Bxb5 Rc8 15. Qa4 {The position is equal.} Bd7 16. exf5 O-O 17. O-O e4 $1 18. Rfe1 Ne5 $1 19. Bxd7 Nxd7 (19... Rc4 20. Qb3 Qxd7 21. f6 $16 (21. Nb6 Qc6 $14)) 20. Qxe4 {[#] Black must now prevent Ne7+.} Nf6 21. Nxf6+ Bxf6 22. Rad1 Qb6 23. Re2 Rfe8 {[#]} 24. Qxe8+ $146 (24. Qd3 $11 {remains equal.}) ({Predecessor:} 24. Qd3 d5 25. g3 Red8 26. Qf3 Qb5 27. Qg4+ Kh8 28. Red2 h6 29. a3 Kh7 30. Qf3 {½-½ (42) Sekretaryov,R (2485)-Pfiffner,P (2466) ICCF email 2014}) 24... Rxe8 $17 25. Rxe8+ Kg7 26. Re2 Qa6 {[%csl LRa2,LRe2]} 27. Red2 Qxa2 28. g3 Be7 (28... Bg5 $17 29. Re2 (29. Rxd6 Qxb2 30. c4 Bf6 $17) (29. f4 Be7 $15) 29... d5) 29. Rxd6 {[%mdl 8192] [#] Loses the game.} (29. Re2 $11 Bf6 30. Red2 (30. Rxd6 Bxc3 31. h4 Qc4 $17)) 29... Bxd6 $19 30. Rxd6 Qxb2 $11 {[%mdl 4096] Endgame KQ-KR} 31. f6+ Kg6 32. Rd4 Qxc3 33. Rf4 h5 34. Kg2 Qc6+ 35. Kg1 Qd5 36. Rh4 Kxf6 {Black is winning.} 37. Rf4+ Ke5 38. Rh4 f5 39. Rf4 Qc6 40. Rh4 Qf3 41. Rb4 {[%mdl 32768] Weighted Error Value: White=0.31/Black=0.02 (flawless) . An unexpected result.} 1/2-1/2

[Event "19th Delhi GM Open 2022"]
[Site "Delhi"]
[Date "2022.03.25"]
[Round "5.2"]
[White "Shahil Dey"]
[Black "Lalith Babu M R"]
[Result "0-1"]
[WhiteElo "2400"]
[BlackElo "2563"]
[Annotator "TA"]
[PlyCount "78"]
[EventDate "2022.03.22"]
[EventType "swiss"]
[EventCountry "IND"]
[SourceTitle "playchess.com"]
[Source "ChessBase"]
[SourceQuality "1"]

{[%evp 12,78,0,0,0,0,5,0,0,-10,-6,-15,-3,-15,-7,-11,0,-6,0,-8,0,-8,0,-19,-21,-20,-16,-26,-11,-39,-33,-33,-12,-4,-10,-32,-38,-170,-169,-163,-156,-164,-151,-137,-146,-253,-197,-273,-214,-211,-214,-433,-433,-654,-471,-562,-554,-551,-551,-520,-525,-1039,-513,-933,-914,-1673,-1608,-1166,-1084]} 1. b3 Nf6 2. Bb2 d5 3. Nf3 e6 4. e3 Bd6 5. c4 b6 6. Be2 Bb7 7. O-O O-O {A13: English Opening: 1...e6.} 8. Nc3 {[#] 8.d3 might become the main line.} Re8 $146 ({Predecessor:} 8... a6 9. d4 Nbd7 10. a3 Re8 11. b4 dxc4 12. Bxc4 Qe7 13. Rc1 Rad8 14. Qe2 b5 {½-½ (70) Klekowski,M (2479)-Tari,A (2653) Warsaw 2021}) 9. Qc2 a6 {The position is equal.} 10. Rad1 Nbd7 {[%cal Bb8d7,Bd7f8,Bf8g6][%mdl 32]} 11. d4 Qe7 12. Rfe1 Rac8 13. Nd2 c5 14. Bf3 cxd4 15. exd4 Nf8 16. Qd3 {[%cal Oc3d5]} dxc4 17. Nxc4 Bxf3 18. Qxf3 b5 19. Ne5 Ng6 20. Ne4 Nxe4 21. Qxe4 Qc7 22. Rc1 Qb6 23. Rxc8 Rxc8 24. Nxf7 {Now White is beyond hope.} Bb4 $19 25. Re2 {Black must now prevent Ng5.} Kxf7 26. d5 {[%cal Rd5e6] Inhibits Qc6.} Bc5 27. h4 ({But not} 27. Qf3+ $2 Kg8 28. g3 Rf8) 27... Qd6 $1 28. h5 (28. Rc2 $17) 28... Nf4 29. Rd2 (29. Rc2 $142 Nxd5 30. Qxh7) 29... Nxd5 {Threatens to win with ...Nf6.} ({Less strong is} 29... Kg8 30. Be5 exd5 31. Qxf4 $11) 30. Qxh7 {And now Qg6+ would win.} Qg3 {To avoid Qg6+. Strongly threatening ...Qg5.} 31. Qe4 $2 (31. h6 {was forced.} Qg6 32. Qxg6+ Kxg6 33. hxg7) 31... Qg5 {[%csl LRd2,LRh5] Black is clearly winning.} 32. Rd3 (32. Re2 $142 Nf4 33. Qb7+ Be7 34. Qf3) 32... Bd6 33. Rf3+ Ke7 34. g3 Qxh5 35. Rd3 b4 36. Qd4 {[#]} Qg6 (36... Be5 $142 $1 {[%mdl 512]} 37. Qxe5 {[#]} Rc1+ $3 {[%mdl 512]} 38. Bxc1 Qxe5) 37. Qa7+ (37. Qxg7+ $142 Qxg7 38. Bxg7) 37... Rc7 38. Qxa6 Qe4 {...Qe2 is the strong threat.} 39. Rd4 Qb1+ {Weighted Error Value: White=0.75/Black=0.24 (precise)} 0-1

[Event "19th Delhi GM Open 2022"]
[Site "Delhi"]
[Date "2022.03.25"]
[Round "5.3"]
[White "Visakh N R"]
[Black "Mirzoev, Azer"]
[Result "1/2-1/2"]
[WhiteElo "2522"]
[BlackElo "2468"]
[Annotator "TA"]
[PlyCount "61"]
[EventDate "2022.03.22"]
[EventType "swiss"]
[EventCountry "IND"]
[SourceTitle "playchess.com"]
[Source "ChessBase"]
[SourceQuality "1"]

{[%evp 16,61,27,31,32,30,22,14,39,0,0,0,15,24,21,-9,32,15,6,3,26,3,8,8,37,-3,-1,-126,-122,-118,-118,-133,-29,-31,-12,-8,-10,-39,-33,-55,-25,-25,-25,-25,-25,-52,-41,-41]} 1. d4 d5 2. c4 dxc4 3. Nf3 Nf6 4. e3 e6 5. Bxc4 c5 6. O-O a6 7. b3 Nc6 8. Bb2 cxd4 9. Nxd4 Nxd4 {D27: Queen's Gambit Accepted: Classical main line: 7 e4!? and 7 a4.} 10. Bxd4 Bd7 11. Be2 Bc6 {The position is equal.} 12. Bf3 Rc8 13. Nd2 Bb4 {[%cal Oe6e5] [#] White must now prevent ...e5!} 14. Nc4 O-O 15. Rc1 Be7 (15... Bxf3 $11 {deserves consideration.} 16. Qxf3 b5) 16. Bxc6 Rxc6 17. Qf3 {[#]} Qb8 $146 ({Predecessor:} 17... Nd7 18. Qg4 Bf6 19. Rcd1 Qc7 20. Bxf6 {½-½ (21) Panczyk,K (2345)-Szymczak,Z (2275) Wysowa 2003}) 18. Be5 Qa8 19. h3 Rfc8 {aiming for ...b5.} 20. Bb2 b5 21. Na5 (21. Ne5 $11 {remains equal.} Rxc1 22. Rxc1) 21... Rxc1 $17 22. Rxc1 Rxc1+ 23. Bxc1 {[#]} Qxf3 (23... Ne4 $1 $17 {Strongly threatening ...Bb4.} 24. Bd2 Qd5) 24. gxf3 {[%mdl 4096] Endgame KBN-KBN} Kf8 25. Nc6 Bd6 26. e4 {Inhibits Nd5.} Nd7 {Inhibits e5.} 27. Bd2 Ne5 28. Nxe5 Bxe5 29. f4 Bd6 30. e5 Be7 31. Kg2 {Weighted Error Value: White=0.26 (precise) /Black=0.18 (very precise)} 1/2-1/2

[Event "19th Delhi GM Open 2022"]
[Site "Delhi"]
[Date "2022.03.25"]
[Round "5.4"]
[White "Poormosavi, Seyed Kian"]
[Black "Arjun Kalyan"]
[Result "0-1"]
[WhiteElo "2229"]
[BlackElo "2506"]
[Annotator "TA"]
[PlyCount "78"]
[EventDate "2022.03.22"]
[EventType "swiss"]
[EventCountry "IND"]
[SourceTitle "playchess.com"]
[Source "ChessBase"]
[SourceQuality "1"]

{[%evp 16,78,0,0,0,2,12,10,27,18,15,11,36,22,39,22,52,0,3,-18,0,0,-21,-33,-39,-32,-28,-61,-62,-58,-51,-35,-37,-54,-64,-88,-75,-73,-31,-39,-30,-29,-29,-75,-66,-66,-45,-84,-76,-105,-99,-98,-99,-76,-85,-255,-258,-350,-391,-1118,-1089,-29984,-29985,-29984,-29976]} 1. e4 e5 2. Nf3 Nc6 3. Nc3 Nf6 4. d4 exd4 5. Nxd4 Bb4 6. Nxc6 bxc6 7. Bd3 d5 8. Bd2 O-O 9. O-O Rb8 {C47: Scotch Four Knights and Four Knights with 4 g3.} 10. Re1 Be6 {[#] 10...Bg4 gains popularity.} 11. e5 $146 {[#] Hoping for Bg5.} ({Predecessor:} 11. a3 Be7 12. b4 c5 13. bxc5 Bxc5 14. exd5 Bxd5 15. Bg5 Ba8 16. Qd2 Rb6 17. Rad1 {0-1 (24) Matlakov,M (2652)-Bartel,M (2560) Riga 2021}) 11... Nd7 {The position is equal.} 12. Na4 Bxd2 13. Qxd2 c5 14. b3 c4 15. Bf1 c5 16. bxc4 (16. Nc3 $14 {might be stronger.}) 16... d4 $11 17. c3 Qa5 18. Qc2 g6 19. Nb2 Qxc3 20. Qxc3 dxc3 21. Nd1 c2 22. Ne3 Nxe5 23. Nxc2 Nc6 24. Red1 Rfd8 25. Ne1 Ne5 26. Rdc1 g5 (26... Rd4 $17) 27. Rc3 $15 Kg7 28. Ra3 Rb7 29. Ra5 (29. Rg3 $11) 29... Rc7 $17 ({Don't do} 29... Nxc4 30. Rxc5 Nd2 31. Rxg5+ Kf6 {[#]} 32. Ba6 $1 $14) ({Don't take} 29... Bxc4 30. Bxc4 Nxc4 31. Rxc5 $16) 30. Rc1 Rd2 31. f3 h5 {[%cal Bh7h5,Bh5h4][%mdl 32]} 32. Rc3 h4 33. h3 Kf6 {Black is much more active.} 34. Nc2 Rb7 {And now ...Rb1 would win.} 35. Ne3 $2 {Loses the game.} (35. Rb5 $17 Rxb5 36. cxb5) 35... Rb1 $19 36. Rxa7 Nc6 37. Rc7 (37. Raa3 Nd4 38. Rd3) 37... Nd4 {...Ne2+ is the strong threat.} 38. Ra3 Ne2+ 39. Kh2 Ng3 {Weighted Error Value: White=0.56/Black=0.06 (flawless)} 0-1

[Event "19th Delhi GM Open 2022"]
[Site "Delhi"]
[Date "2022.03.25"]
[Round "5.5"]
[White "Ponkratov, Pavel"]
[Black "Neelash Saha"]
[Result "1-0"]
[WhiteElo "2641"]
[BlackElo "2445"]
[Annotator "TA"]
[PlyCount "45"]
[EventDate "2022.03.22"]
[EventType "swiss"]
[EventCountry "IND"]
[SourceTitle "playchess.com"]
[Source "ChessBase"]
[SourceQuality "1"]

{[%evp 11,45,8,10,0,0,0,0,0,0,0,0,0,0,0,0,0,0,0,58,47,112,109,77,89,116,115,389,393,390,377,342,217,804,785,1172,757]} 1. e4 c5 2. Nf3 d6 3. d4 cxd4 4. Nxd4 Nf6 5. Nc3 a6 6. h3 e5 {6...e5 scores better than 6...e6.} 7. Nf3 {B90: Sicilian Najdorf: Unusual White 6th moves, 6 Be3 Ng4 and 6 Be3 e5.} Be7 8. g4 h6 9. Rg1 {The position is equal.} b5 10. g5 hxg5 11. Nxg5 Bb7 12. Be3 Nbd7 13. a4 $36 {[%mdl 2048] White has some pressure.} b4 14. Bc4 $1 {[#]} O-O $146 (14... Rf8 $11 15. Nd5 Nxd5 16. Bxd5 Bxd5 17. Qxd5 Rc8) ({Predecessor:} 14... Rf8 15. Nd5 Rc8 16. Qe2 Bxd5 17. exd5 Qa5 18. Bxa6 Rc7 19. Bb5 Nxd5 20. Qd3 Nxe3 21. fxe3 {0-1 (35) Pfatteicher,L (2212)-Papadiamandis,E (2404) Baden Baden 2021}) 15. Nd5 $14 Rc8 (15... Nxd5 $14 16. exd5 (16. Bxd5 Bxd5 17. Qxd5 Rc8 $15) 16... Bxg5 17. Rxg5 f5) 16. Nxf6+ $1 $16 Nxf6 {[#]} 17. Bb3 {Threatens to win with Qf3. White is much more active.} ({Of course not} 17. Qd3 Qc7 18. Bb3 Qc6 $11) 17... d5 {[#]} (17... Nxe4 $2 18. Nxe4 Bxe4 19. Qg4 $18) 18. Qf3 {aiming for 0-0-0.} Bc5 $2 {[%mdl 8192] This costs Black the game.} (18... Nxe4 $2 19. Nxe4 f5 20. Ng5 (20. Qh5 fxe4 21. Qxe5 Bf6 $16) 20... Bxg5 21. Bxg5 $18) (18... dxe4 $2 19. Qg2 Nh5 20. Rd1 $18) (18... d4 $16) 19. O-O-O $18 Qe7 20. exd5 Rfd8 21. Qf5 Qd7 {[#]} (21... Bxe3+ 22. fxe3 Rd6) 22. Ne6 $1 {[%mdl 512]} Ne8 {[#]} (22... fxe6 23. dxe6) 23. Qxe5 $1 {Weighted Error Value: White=0.07 (flawless) /Black=0.47} 1-0

[Event "19th Delhi GM Open 2022"]
[Site "Delhi"]
[Date "2022.03.25"]
[Round "5.6"]
[White "Delgado Ramirez, Neuris"]
[Black "Harshavardhan G B"]
[Result "1-0"]
[WhiteElo "2615"]
[BlackElo "2402"]
[Annotator "TA"]
[PlyCount "77"]
[EventDate "2022.03.22"]
[EventType "swiss"]
[EventCountry "IND"]
[SourceTitle "playchess.com"]
[Source "ChessBase"]
[SourceQuality "1"]

{[%evp 9,77,-14,-6,-17,6,11,24,29,39,27,37,33,35,25,27,22,42,32,43,31,10,10,16,0,10,10,10,14,16,15,29,22,39,16,49,43,29,31,56,42,72,25,112,113,116,115,154,158,550,491,1113,992,29968,29969,6698,5385,29992,29992,29992,29992,29993,29994,29994,29995,29995,29995,29996,29996,29997,29998]} 1. e4 c5 2. Na3 Nc6 3. f4 g6 4. Nf3 Bg7 5. c3 d5 6. d3 {[%cal Bd2d3,Bd3d4][%mdl 32] [#] B31: Sicilian: 2...Nc6 3 Bb5 g6.} b6 $146 ({Predecessor:} 6... dxe4 7. dxe4 Qxd1+ 8. Kxd1 Nf6 9. e5 Nd5 10. Bc4 Nb6 11. Bd3 Bg4 12. Ke2 O-O-O {1-0 (52) Bauer,C (2639)-Stephan,V (2430) Playchess.com INT 2021}) 7. Be2 e6 8. e5 {White has an edge.} Nh6 9. d4 Nf5 10. O-O h5 11. Bd3 Nce7 12. Nc2 O-O 13. Ne3 a5 14. Nxf5 (14. Qe2 {feels hotter.} a4 15. Nxf5 Nxf5 16. Re1 Bb7 17. Qf2) 14... Nxf5 15. Bxf5 exf5 16. Be3 {[%cal Bc1e3,Be3f2,Bf2h4][%mdl 32]} Ba6 17. Re1 Rc8 18. Bf2 Qd7 19. Bh4 Qb5 20. Qd2 Rfe8 21. h3 (21. Rad1 $5 {[%cal Rd4c5]}) 21... Bf8 22. Kh2 (22. dxc5 {is interesting.} bxc5 23. Qxd5 Bb7 24. Qb3 Qa6 25. e6) 22... a4 23. a3 Bh6 24. Bg5 Bxg5 25. Nxg5 cxd4 (25... Qc6 $1 $11 {keeps the balance.}) 26. Qxd4 $16 Rc4 27. Qf2 {White is more active.} d4 28. Qg3 $40 {[%mdl 128] And now e6 would win. White has strong attack.} ({But not} 28. cxd4 $6 Bb7 $14) 28... Qxb2 $2 {[#] Black cannot hold the game after this.} (28... Qd7 $16 {is tougher.}) 29. e6 $1 $18 fxe6 (29... f6 $142) 30. Nf3 {[%cal Bg5f3,Bf3h4,Bh4f5][%mdl 32]} Kh7 31. Nh4 Rg8 {[#]} 32. Rxe6 $1 {White threatens Re7+ and mate.} g5 (32... Rg7 33. Rxg6) 33. Nxf5 {[%csl Gf5][%cal Re6h6] White mates.} Rg7 {[#]} 34. fxg5 $1 {[%cal Bf4g5,Bg5g6,Bg6g7][%mdl 32]} Rc5 (34... Qb5 35. Nxg7) 35. g6+ Kh8 36. Re8+ Rg8 37. g7+ Kh7 38. Rxg8 Kxg8 39. Nh6+ {Weighted Error Value: White=0.02 (flawless) /Black=0.64} 1-0

[Event "19th Delhi GM Open 2022"]
[Site "Delhi"]
[Date "2022.03.25"]
[Round "5.7"]
[White "Gholami Orimi, Mahdi"]
[Black "Sethuraman, S.P."]
[Result "1/2-1/2"]
[WhiteElo "2420"]
[BlackElo "2619"]
[Annotator "TA"]
[PlyCount "89"]
[EventDate "2022.03.22"]
[EventType "swiss"]
[EventCountry "IND"]
[SourceTitle "playchess.com"]
[Source "ChessBase"]
[SourceQuality "1"]

{[%evp 19,89,8,18,-25,-29,-17,-15,-16,-31,-23,-35,-30,-37,-21,-18,-26,-16,-28,0,0,0,0,0,0,0,0,0,0,0,0,0,0,23,20,16,0,0,0,0,0,0,0,0,0,0,0,10,8,16,14,16,7,8,7,7,7,7,7,7,7,7,7,8,9,9,9,9,9,9,0,9,0]} 1. d4 f5 2. c4 Nf6 3. g3 g6 4. Bg2 Bg7 5. Nc3 O-O 6. Nf3 d6 7. O-O c6 8. d5 e5 9. dxe6 Bxe6 10. Qd3 Ng4 11. Bf4 {A88: Dutch Defence: Leningrad System: 5 Nf3 0-0 6 0-0 d6 7 Nc3 c6.} (11. Ng5 {should be considered.} Bc8 12. Qd2) 11... Ne5 $11 {[#]} 12. Nxe5 $146 ({Predecessor:} 12. Bxe5 dxe5 13. Rfd1 Qxd3 14. exd3 Nd7 15. Ng5 Rfe8 16. Re1 Nc5 17. Rad1 Rad8 18. Nxe6 Rxe6 19. Re3 Red6 20. b4 Nxd3 21. b5 e4 22. Ne2 Bh6 23. f4 exf3 {0-1 (23) Dilworth,V-Basman,M Charlton 1973}) 12... dxe5 13. Qxd8 Rxd8 14. Bg5 Re8 15. b3 Na6 {[%cal Bb8a6,Ba6b4,Bb4a2][%mdl 32]} 16. Be3 Red8 {[%cal Of5f4] [#] White must now prevent ...f4!} 17. Rad1 e4 18. Na4 Bf8 19. f3 exf3 20. Bxf3 Nb4 21. Nc5 Bxc5 22. Bxc5 Nxa2 23. Rxd8+ Rxd8 24. Ra1 Rd2 25. Bxa7 Kf7 26. Kf2 {[#] aiming for Ke1.} Nc3 {The position is equal.} 27. Bb6 Ne4+ 28. Bxe4 fxe4 {[%mdl 4096] Endgame KRB-KRB} 29. Ra7 Bc8 30. Ke3 {[%csl LRd2,LRe4]} Rb2 31. Bd4 Rxb3+ 32. Kxe4 Bh3 33. Ke5 g5 34. c5 Kg6 35. Ra2 Kh5 36. Rb2 Rxb2 37. Bxb2 {KB-KB} Kg6 38. Bc1 h6 39. e4 Bg2 40. h4 gxh4 41. gxh4 h5 42. Bd2 Bh1 43. Ba5 Bg2 44. Bd2 Bh1 45. Ba5 {Weighted Error Value: White=0.03 (flawless) /Black=0.03 (flawless)} 1/2-1/2

[Event "19th Delhi GM Open 2022"]
[Site "Delhi"]
[Date "2022.03.25"]
[Round "5.8"]
[White "Mitrabha, Guha"]
[Black "Srihari L R"]
[Result "1/2-1/2"]
[WhiteElo "2510"]
[BlackElo "2400"]
[Annotator "TA"]
[PlyCount "63"]
[EventDate "2022.03.22"]
[EventType "swiss"]
[EventCountry "IND"]
[SourceTitle "playchess.com"]
[Source "ChessBase"]
[SourceQuality "1"]

{[%evp 14,63,12,12,24,-18,32,23,24,14,11,5,30,20,17,17,27,13,20,9,58,62,56,43,46,53,74,54,70,58,86,0,0,0,0,0,0,0,0,0,10,10,7,10,10,6,7,7,8,0,0,0]} 1. d4 Nf6 2. c4 e6 3. g3 Bb4+ 4. Nd2 O-O 5. Bg2 d5 6. Ngf3 b6 {6...b6 is better than 6...dxc4.} 7. O-O Bb7 8. Ne5 Bd6 {E16: Queen's Indian: 4 g3 Bb7 5 Bg2 Bb4+.} 9. Qa4 {[#]} (9. b3 {feels stronger.}) 9... a6 $146 (9... Qe7 $11) ({Predecessor:} 9... c5 10. cxd5 exd5 11. Ndc4 Bc7 12. Bf4 cxd4 13. Qc2 Na6 14. Qf5 Re8 15. Ng4 Nxg4 16. Qxg4 {0-1 (47) Kanter,E (2411)-Balashov,Y (2440) Izhevsk 2011}) 10. cxd5 exd5 {White has an edge.} 11. Ndf3 Qe8 12. Qc2 Nc6 (12... a5 {looks sharper.} 13. Bf4 Na6 14. a3 Ne4 15. Nd2 Qe6) 13. Nxc6 Qxc6 14. Qxc6 Bxc6 15. Bf4 Bb5 16. Rfe1 Ne4 (16... Bxf4 $11 17. gxf4 a5) 17. a4 $14 {[#] Hoping for Bxd6.} Bd7 18. Rec1 Rfc8 19. Ne5 Bxe5 20. Bxe5 c5 21. a5 bxa5 (21... f6 $2 {[#]} 22. axb6 $1 fxe5 23. b7 $18) 22. Rxa5 ({Better is} 22. dxc5 $16 a4 23. e3) 22... f6 $11 {The position is equal.} 23. Bf4 {[%cal Rd4c5]} g5 {[%cal Bg7g5,Bg5f4][%mdl 32]} 24. f3 gxf4 25. fxe4 cxd4 26. Rd1 {[%cal Oe4e5]} Rab8 27. Rxd5 Bg4 28. Rd2 fxg3 29. hxg3 Rc1+ 30. Kf2 Rb1 31. R2xd4 {Black must now prevent e5.} R8xb2 {[%csl Gg4][%cal Rb2e2]} 32. Bf1 {Weighted Error Value: White=0.08 (flawless) /Black=0.08 (flawless)} 1/2-1/2